Statistics for 03岩手県の市町村

Click here to take the quiz!

General Stats

  • This quiz has been taken 52 times
    (48 since last reset)
  • The average score is 21 of 33

Answer Stats

Answer% Correct
盛岡市
100%
花巻市
100%
一関市
96%
宮古市
93%
北上市
89%
久慈市
89%
奥州市
85%
大船渡市
85%
釜石市
85%
陸前高田市
81%
八幡平市
74%
二戸市
70%
岩手郡岩手町
67%
滝沢市
67%
遠野市
67%
岩手郡雫石町
59%
紫波郡紫波町
56%
二戸郡一戸町
52%
紫波郡矢巾町
52%
西磐井郡平泉町
48%
岩手郡葛巻町
48%
下閉伊郡岩泉町
48%
下閉伊郡田野畑村
48%
九戸郡九戸村
48%
上閉伊郡大槌町
48%
下閉伊郡普代村
44%
九戸郡洋野町
44%
和賀郡西和賀町
41%
胆沢郡金ケ崎町
41%
気仙郡住田町
37%
下閉伊郡山田町
37%
九戸郡野田村
37%
九戸郡軽米町
30%

Score Distribution

Percentile by Number Answered

Percent of People with Each Score

Your Score History

You have not taken this quiz since the last reset